Statistics for National Capitals of the Middle East

Click here to take the quiz!

General Stats

  • This quiz has been taken 14 times
  • The average score is 15 of 17

Answer Stats

CountryCapital% Correct
IraqBaghdad
100%
EgyptCairo
100%
KuwaitKuwait City
100%
IranTehran
100%
SyriaDamascus
92%
IsraelJerusalem
92%
CyprusNicosia
92%
Saudi ArabiaRiyadh
92%
LibyaTripoli
92%
United Arab EmiratesAbu Dhabi
83%
JordanAmman
83%
LebanonBeirut
83%
OmanMuscat
83%
YemenSana'a
83%
TurkeyAnkara
75%
QatarDoha
75%
BahrainManama
67%

Score Distribution

Percentile by Number Answered

Percent of People with Each Score

Your Score History

You have not taken this quiz